Csomagautomaták és csomagpontok hatása az e-kereskedelemre

Bibliográfiai részletek
Szerző: Reichenbach Panna
További közreműködők: Hrabovszki Ágnes Zsuzsa
Kuthy Ágnes
Dokumentumtípus: Diplomadolgozat
Kulcsszavak:csomagautomata
csomagpont
e-kereskedelem
fenntarthatóság
logisztika
Online Access:http://dolgozattar.uni-bge.hu/58898

MARC

LEADER 00000nta a2200000 i 4500
001 dolg58898
005 20251027142609.0
008 251027suuuu hu om 000 hun d
040 |a BGE Dolgozattár Repozitórium  |b hun 
041 |a hu 
100 1 |a Reichenbach Panna 
245 1 0 |a Csomagautomaták és csomagpontok hatása az e-kereskedelemre  |c Reichenbach Panna  |h [elektronikus dokumentum] 
520 3 |a A szakdolgozatom egy általános kutatás a csomagautomaták és a csomagpontokről, kifejezetten Magyarországra fókuszálva. A kutatásom során részletesen át tekintem a csomagautomaták és csomagpontok működési mechanizmusát és fontosabb definíciókat a téma kapcsán. Egy rövid történeti áttekintést is készítettem arról, milyen tényezők állhatnak a népszerűség növekedése mögött. Kiemelten foglalkozom a dolgozatomban a csomagátvevőhelyek előnyeivel és hátrányaival egyaránt, vizsgálva itt a fogyasztók és a csomagküldő cégek szempontjait. Szintén egy fontos aspektus a környezetvédelem és a fenntarthatóság kapcsolata az ilyen szállítási módszerrel. Kutatásom során pontos adatokkal támasztottam alá, mitől is sokkal környezetkímélőbbek a gyűjtőpontokra való kiszállítások. A dolgozatomban kitértem az egyik legfontosabb témára is, ami egy fogyasztót és egy céget érinthet, a költséghatékonyságra. A költségek kapcsán is számításon keresztülszemléltettem a lényeges különbséget a hagyományos házhoz szállítás és a gyűjtőpontokra való szállítás között. 
695 |a csomagautomata 
695 |a csomagpont 
695 |a e-kereskedelem 
695 |a fenntarthatóság 
695 |a logisztika 
700 1 |a Hrabovszki Ágnes Zsuzsa  |e ths 
700 1 |a Kuthy Ágnes  |e ths 
856 4 0 |u http://dolgozattar.uni-bge.hu/58898/1/Csomagautomat%C3%A1k%20%C3%A9s%20csomagpontok%20hat%C3%A1sa%20az%20e-kereskedelemre%20-%20Reichenbach%20Panna.pdf  |z Dokumentum-elérés 
856 4 0 |u http://dolgozattar.uni-bge.hu/58898/2/Reichenbach%20Panna.pdf  |z Dokumentum-elérés 
856 4 0 |u http://dolgozattar.uni-bge.hu/58898/3/K%C3%9CLS%C5%90%20KONZULENS%20SZAKDOLGOZAT%20B%C3%8DR%C3%81LAT.pdf  |z Dokumentum-elérés